| 000 | 00477nam a2200169Ia 4500 | ||
|---|---|---|---|
| 008 | 240729s9999 xx 000 0 und d | ||
| 022 | _a2211-2545 | ||
| 245 | 0 | _aTilburg Law Review | |
| 260 | _aUnited Kingdom | ||
| 260 | _bUbiquity Press | ||
| 650 | _a Law in general. Comparative and uniform law. Jurisprudence | ||
| 650 | _a Law of Europe | Law | ||
| 650 | _aLaw | ||
| 856 | _uhttps://doaj.org/toc/392d38f5fde546a9bfda393584573952 | ||
| 942 | _2ddc | ||
| 942 | _cDOAJEJ | ||
| 999 |
_c72493 _d72493 |
||
| 945 |
_a1 _bMadushi Gamage _c1 _dMadushi Gamage |
||